| 000 | 00497nam a2200181Ia 4500 | ||
|---|---|---|---|
| 001 | 8939 | ||
| 005 | 20260306160646.0 | ||
| 008 | 260306t2015||||xx |||||||||||||| ||spa|| | ||
| 041 | _aESP | ||
| 082 |
_a371.95 _bG91 |
||
| 100 |
_aGuirado, Ángel _eAUT |
||
| 245 | 0 |
_a¿Qué sabemos de las altas capacidades?: _bpreguntas, respuestas y propuestas para la escuela y la familia |
|
| 260 | _c2015 | ||
| 300 |
_a132 páginas : _c23 cm. |
||
| 650 | _aGEN | ||
| 654 | _aCED | ||
| 942 |
_cLIB _dJUS _fJUS _2ddc _n |
||
| 999 |
_c8939 _d8939 |
||